MARC

LEADER 00000nam0a2200000 4500
001 193498
005 20231031181950.0
035 |a (RuTPU)RU\TPU\book\211041 
035 |a RU\TPU\book\60920 
090 |a 193498 
100 |a 20110324d1971 k a0rusy5003 ca 
101 0 |a rus 
102 |a RU 
105 |a y z 001zy 
200 1 |a Метод тригонометрических сумм в теории чисел  |f И. М. Виноградов 
210 |a Москва  |c Наука  |d 1971 
215 |a 160 с. 
320 |a Библиогр.: с. 159. 
610 1 |a тригонометрические суммы 
610 0 |a числа 
610 0 |a метод 
610 0 |a тригонометрические ряды 
610 0 |a интегралы 
610 0 |a суммы Г. Вейля 
610 0 |a проблема Варинга 
610 0 |a формулы 
675 |a 511.2 
700 1 |a Виноградов  |b И. М.  |g Иван Матвеевич 
801 0 |a RU  |b RuMRKP  |c 19950704  |g psbo 
801 1 |a RU  |b 63413507  |c 20031114  |g PSBO 
801 2 |a RU  |b 63413507  |c 20140609  |g PSBO 
942 |c BK